00584nam a22001817a 450000500170000001000420001702000260005903500130008503500170009803700310011503700130014608200080015924500500016726000320021727000840024930000390033349000300037220160108125630.0 a1516EN07 ENG-114409 B-607830-848 a9789351436126c995.00 aEN-97941 aB-607830-848 bAsian Book Centre/Venadpl bDBAD/PUB a000 aJigeesha's general studies handbook paper-II  aGurgaonbLexisNexisc(201?) a14th Floor, Building No.10, Tower-B, DLF Cyber City, Phase-II bGurgaone122002 avarious pagings :c25cm(pbk)bill. aCATAPULT test prep series